[Event "Magistral Copa Mercosur 2015"]
[Site "Buenos Aires ARG"]
[Date "2015.06.11"]
[Round "8.4"]
[White "Sosa, Tomas"]
[Black "Villanueva, Mario"]
[Result "1/2-1/2"]
[WhiteElo "2385"]
[BlackElo "2436"]
[PlyCount "114"]
[EventDate "2015.06.04"]
[EventType "tourn"]
[EventRounds "11"]
[EventCountry "ARG"]
[EventCategory "10"]
[Source "lmi"]
[SourceDate "2015.06.04"]

1. e4 e5 2. Nf3 Nc6 3. Bb5 a6 4. Ba4 Nge7 5. c3 g6 6. d4 exd4 7. cxd4 b5 8. Bb3
Bg7 9. d5 Na5 10. Nc3 O-O 11. Be3 d6 12. Bd4 f6 13. O-O Nxb3 14. Qxb3 Bg4 15.
Ne1 c5 16. dxc6+ Rf7 17. c7 Qxc7 18. f3 Nc6 19. Bf2 Bd7 20. Nd5 Qb7 21. Nb6 Re8
22. Nxd7 Qxd7 23. Rd1 f5 24. exf5 Qxf5 25. Rxd6 Na5 26. Qd3 Nc4 27. Rd5 Qxd3
28. Nxd3 Nxb2 29. Nc5 Na4 30. Nxa4 bxa4 31. Ra5 Re2 32. Rxa4 Rc7 33. Re1 Rd2
34. Be3 Rb2 35. Rxa6 Rcc2 36. Ra8+ Bf8 37. Kf1 Rxa2 38. Rxa2 Rxa2 39. Re2 Rxe2
40. Kxe2 h5 41. Bg5 Kf7 42. Ke3 Ke6 43. Ke4 Bd6 44. Bf4 Be7 45. Be5 Bg5 46. g3
Bd2 47. Bd4 Bh6 48. Be3 Bf8 49. Bf4 Be7 50. Be5 Bg5 51. Bg7 Bd2 52. Bh8 Bc1 53.
Bd4 Bh6 54. Be3 Bf8 55. Bd2 Bd6 56. Bc3 Bc7 57. Bb4 h4 1/2-1/2

[Event "Magistral Copa Mercosur 2015"]
[Site "Buenos Aires ARG"]
[Date "2015.06.11"]
[Round "8.5"]
[White "Pichot, Alan"]
[Black "Mekhitarian, Krikor Sevag"]
[Result "0-1"]
[WhiteElo "2492"]
[BlackElo "2570"]
[PlyCount "82"]
[EventDate "2015.06.04"]
[EventType "tourn"]
[EventRounds "11"]
[EventCountry "ARG"]
[EventCategory "10"]
[Source "lmi"]
[SourceDate "2015.06.04"]

1. e4 e5 2. Nf3 Nc6 3. Bb5 a6 4. Ba4 Nf6 5. O-O Be7 6. Re1 b5 7. Bb3 d6 8. c3
O-O 9. h3 Bb7 10. d4 Re8 11. Nbd2 exd4 12. cxd4 Nd7 13. Nf1 Na5 14. Bc2 c5 15.
Ne3 cxd4 16. Nxd4 g6 17. Ng4 Ne5 18. Nh6+ Kg7 19. f4 Kxh6 20. fxe5+ Kg7 21. e6
Bf6 22. exf7 Kxf7 23. Bb3+ Nc4 24. a4 Qb6 25. Be3 Rxe4 26. axb5 Rxe3 27. Rxe3
Qxd4 28. Qe2 axb5 29. Rd1 Qc5 30. Kh1 Rf8 31. Rf1 d5 32. Re6 Kg7 33. Bc2 d4 34.
Be4 Bxe4 35. Rxe4 Ne3 36. Ra1 Be5 37. b4 Qd5 38. Qd3 Nf5 39. Ree1 Bb8 40. Ra6
Ne3 41. Qe2 Qe5 0-1

[Event "Magistral Copa Mercosur 2015"]
[Site "Buenos Aires ARG"]
[Date "2015.06.11"]
[Round "8.6"]
[White "Valerga, Diego"]
[Black "Quesada Perez, Yuniesky"]
[Result "1/2-1/2"]
[WhiteElo "2488"]
[BlackElo "2647"]
[PlyCount "43"]
[EventDate "2015.06.04"]
[EventType "tourn"]
[EventRounds "11"]
[EventCountry "ARG"]
[EventCategory "10"]
[Source "lmi"]
[SourceDate "2015.06.04"]

1. d4 Nf6 2. c4 e6 3. Nc3 Bb4 4. Qc2 O-O 5. a3 Bxc3+ 6. Qxc3 d6 7. Bg5 Nbd7 8.
e3 b6 9. Ne2 c5 10. Rd1 Qc7 11. Qc2 Bb7 12. Nc3 a6 13. Be2 h6 14. Bxf6 Nxf6 15.
O-O Rac8 16. e4 cxd4 17. Rxd4 d5 18. exd5 exd5 19. Rfd1 dxc4 20. Bxc4 b5 21.
Bf1 Rfe8 22. Qd2 1/2-1/2